Online Catalogue and eLibrary

Lingikathvaya ha adyathmaya (Record no. 2076)

MARC details
000 -LEADER
fixed length control field 00408nam a2200169Ia 4500
005 - DATE AND TIME OF LATEST TRANSACTION
control field 20250529024819.0
008 - FIXED-LENGTH DATA ELEMENTS--GENERAL INFORMATION
fixed length control field 240331s9999 xx 000 0 und d
020 ## - INTERNATIONAL STANDARD BOOK NUMBER
ISBN 9555733473
082 ## - DDC Classification
Item Number - Author Mark JAY
Class No. 307
100 ## - MAIN ENTRY--PERSONAL NAME
Personal name Jayathilake,B.M
245 #0 - TITLE STATEMENT
Title Lingikathvaya ha adyathmaya
260 ## - PUBLICATION, DISTRIBUTION, ETC.
Place of publication, distribution, etc. Colombo
Name of publisher, distributor, etc. University Press
Date of publication, distribution, etc. 2006
300 ## - PHYSICAL DESCRIPTION
Extent (e.g. Volumes, Pages etc.) 340 p.,
650 ## - SUBJECT ADDED ENTRY--TOPICAL TERM
Topical term or geographic name entry element sexuality
650 ## - SUBJECT ADDED ENTRY--TOPICAL TERM
Topical term or geographic name entry element Spirituality
942 ## - Koha item type (Biblio)
Koha item type Books in Stacks (Lending)
Holdings
Lost status Damaged status Collection code Home library Current library Shelving location Date acquired Full call number Accession Number Item type
    Lending WERC Library WERC Library Social Science Cupboard 03/31/2024 306.7 JAY 5577 Books in Stacks (Lending)

© WERC Library